000 00735nam a2200265Ia 4500
005 20260121170827.0
008 008 260114s9999 xx 000 0 eng d
020 _a9789811313196
037 _aEBOOK
040 _aCRL
040 _beng
040 _cCRL
041 _2eng
041 _aeng
084 _qCRL
100 _aYing-Kun Huang, Wen-Feng Li, Rong-Yue Zhang, Xiao-Yan Wang
_91068639
245 0 _aColor Illustration of Diagnosis and Control for Modern Sugarcane Diseases, Pests, and Weeds
260 _bSpringer
260 _bSpringer
260 _c2018
856 _uhttps://link.springer.com/openurl?genre=book&isbn=978-981-13-1319-6
942 _cEBOOK
999 _c1634369
_d1634369